000 00939nam a2200265Ia 4500
003 OSt
005 20220930090825.0
006 a|||||r|||| 00| 0
007 ta
008 220926b |||||||| |||| 00| 0 eng d
024 _a2274
037 _cTheses
040 _aCRL
_cCRL
_beng
041 _2eng
_aeng
100 _aMeena Mahesh Chand
_9543746
110 _aUniversity of Delhi. Faculty of Medical Sciences. Department of Forensic Medicine
_9522462
245 0 _aAge estimation from the IV RIB by phase analysis in Indian population a post mortem study
260 _c2011
650 _aMEDICAL JURISPRUDENCE
_9522463
700 _a Dr. Atul Murari Gu.
_9537126
700 _a Dr. Yoshoda Rani Gu.
_9543747
700 _aUniversity of Delhi. Faculty of Medical Sciences. Department of Forensic Medicine
_9522465
942 _cDIS
_2CC
999 _c881198
_d881198